| 000 | 00821nam a22002057a 4500 | ||
|---|---|---|---|
| 999 |
_c9691 _d9691 |
||
| 003 | AR-CdUCM | ||
| 008 | 190328b ||||| |||| 00| 0 spa d | ||
| 040 |
_aMUNICIPALIDAD PROVINCIAL DEL CUSCO _cBIBLIOTECA MUNICIPAL DEL CUSCO |
||
| 082 |
_a641.3 / _bF31 / 1948 |
||
| 100 |
_aFayard, M. I. _926058 |
||
| 245 | _aFuerza y Salud por la Alimentación / | ||
| 260 |
_aBuenos Aires ; _bCasa Editora Sudamericana ; _c1948. |
||
| 300 |
_a336 páginas ; _bFotografías, ilustraciones, tablas _c21cm |
||
| 505 | _aContenido: Orientación y reorientación -- El descubrimiento de las vitaminas -- El papel de la vitamina A -- La vitamina que sostiene la moral -- Otras vitaminas del complejo B... | ||
| 650 |
_aVitaminas _923458 |
||
| 650 |
_aAlimentos _97656 |
||
| 650 |
_aSalud _98684 |
||
| 942 |
_2ddc _cLIBROS |
||
| 945 | _anom | ||